| 000 | 01562nam a2200385 c 4500 | ||
|---|---|---|---|
| 001 | 000009149 | ||
| 003 | DO-SdBNP | ||
| 005 | 20240412074210.0 | ||
| 007 | ta | ||
| 008 | 090928s1984 dr ac 001 0 spa d | ||
| 040 |
_aDO-SdBNP _bspa _cBNPHU _erda |
||
| 082 | 4 |
_a923.77293 _bU75r, 1984 _222 |
|
| 100 | 1 |
_aRodríguez Demorizi, Silveria R. _923819 |
|
| 245 | 1 | 0 |
_aSalomé Ureña de Henríquez / _cSilveria R. Rodríguez Demorizi. |
| 250 | _a2a. ed. | ||
| 264 |
_aSanto Domingo : _bTaller, _c1984. |
||
| 300 |
_a45 páginas : _bilustraciones, retratos. _c17 cm. |
||
| 336 |
_2rdacontent _atexto _btxt |
||
| 337 |
_2rdamedia _asin mediación _bn |
||
| 338 |
_2rdacarrier _avolumen _bnc |
||
| 490 |
_aFundación Rodriguez Demorizi ; _v20 |
||
| 500 | _aA la cabeza del titulo : Feria Nacional del Libro, 1984. Homenaje a Pedro Henríquez Ureña en el Centenario de su nacimiento, 1884. | ||
| 500 | _aHomenaje a Pedro Henríquez Ureña en el centenario de su nacimiento, 1984 | ||
| 504 | _aIncluye referencias bibliográficas y notas al pie de las páginas. | ||
| 504 | _aBibliografía : p. 41-45. | ||
| 533 |
_aSalomé Ureña de Henríquez _bBuenos Aires _cImpreta López. |
||
| 590 | _aInventariado, 2020/ YL | ||
| 600 | 1 | 0 |
_aUreña Henríquez, Salomé de, _d1850-1897 _923820 |
| 650 | 1 | 4 |
_aPoesía dominicana _966 |
| 650 | 1 | 0 |
_aLiteratura dominicana. _967 |
| 650 | 1 | 4 |
_aPersonal docente _zRepública Dominicana _vBiografías _917427 |
| 651 | 4 |
_aRepública Dominicana _vBiografías _91083 |
|
| 910 | _aValidado. Control de calidad MFF | ||
| 942 |
_2ddc _cLBS1 |
||
| 999 |
_c8913 _d8913 |
||